| 000 | 01032nas a2200325 4500 | ||
|---|---|---|---|
| 001 | BR2017002235 | ||
| 003 | BR-BrBNA | ||
| 005 | 20231205131047.0 | ||
| 007 | ta | ||
| 008 | 230509b bl.|||p| |||| 00| 00por d | ||
| 040 |
_aBR-BrBNA _bpor _cBiblioteca Nacional de Agricultura |
||
| 041 | _a(En) | ||
| 072 | _aP36 | ||
| 100 | 1 | _aMaranhão, D.D.C. | |
| 100 | 1 | _aAguado, O.I. de O. | |
| 100 | 1 | _aPereira, M.G. | |
| 100 | 1 | _aAraújo, A.P. | |
| 100 | 1 | _aCastro, S.S. de | |
| 100 | 1 | _aFerreira Júnior, L.G. | |
| 245 | 1 | _aAnalysis of potential for linear erosion in the cerrado biome using morphopedology | |
| 650 | _aCIÊNCIA DO SOLO | ||
| 650 | _aPEDOLOGIA | ||
| 650 | _aEROSÃO | ||
| 650 | _aCERRADO | ||
| 650 | _aRECUPERAÇÃO DO SOLO | ||
| 773 | 0 |
_tRevista Brasileira de Ciência do Solo (Brazil) _xISSN 1806-9657 _g(2017), v. 41 p. 1-17 _wBR2017002235 |
|
| 856 | 4 | 0 | _uhttp://www.scielo.br/pdf/rbcs/v41/0100-0683-rbcs-18069657rbcs20160427.pdf |
| 909 |
_a202311 _bLúcia _c55 _dLúcia Elande |
||
| 942 |
_2AGRIS _n0 _cANA |
||
| 999 |
_c252823 _d252823 |
||